000 00418nam a2200181Ia 4500
001 25134
005 20260414151129.0
008 260414t1993||||xx |||||||||||||| ||spa||
041 _aESP
082 _a346.2
_bI24
100 _aIbarrola, Antonio de
_eAUT
245 0 _aDerecho de familia
_b
260 _c1993
300 _a608 páginas :
_c23 cm.
650 _aDER
654 _aCDE
942 _cLIB
_dJUS
_fJUS
_2ddc
_n
999 _c25134
_d25134